000 00840nam a22002417a 4500
003 URS
005 20250109192751.0
008 250109b |||||||| |||| 00| 0 eng d
040 _bEnglish
_cURS
_erda
050 _aR858
_b.M395 2017
100 _aMastrian, Kathleen Garver,
_eauthor.
_96140
245 _aInformatics for health professionals /
_cKathleen Garver Mastrian.
260 _aBurlington, MA :
_bMA : Jones & Bartlett Learning,
_c©2017.
300 _axxv, 454 pages :
_billustrations (some color) ;
_c23 cm.
336 _atext
_btxt
_2rdacontent
337 _aunmediated
_bn
_2rdamedia
338 _avolume
_bnc
_2rdacarrier
504 _aIncludes bibliographical references and index.
650 0 _aMedical informatics.
_96138
650 0 _aInformation science.
_96139
650 0 _aMedical informatics.
_96138
942 _2lcc
_cR
999 _c81823
_d81822